Learner-centered teaching : five key changes to practice /

"In this new edition of the classic work, one of the nation's most highly regarded authorities on effective college teaching offers a comprehensive introduction to the topic of learner-centered teaching in the college and university classroom, including the most up-to-date examples of prac...

Full description

Bibliographic Details
Main Author: Weimer, Maryellen, 1947-
Format: Book
Language:English
Published: San Francisco, CA : Jossey-Bass, A Wiley Imprint, 2013.
Edition:Second edition.
Subjects:
Classic Catalogue: View this record in Classic Catalogue
LEADER 02376nam a2200385 i 4500
001 45003
003 BD-DhAAL
005 20251103100508.0
008 251030t2013 cau ob 001 0 eng
010 |a  2012046975 
020 |a 9781118416167 
020 |a 9781118419038 
020 |a 9781118433690 
020 |a 9781118119280 (hardback) 
035 |a 17535824 
040 |a DLC  |b eng  |c DLC  |e rda  |d DLC  |d BD-DhAAL 
042 |a pcc 
050 0 0 |a LB2331 
082 0 0 |a 378.12  |2 23 
100 1 |a Weimer, Maryellen,  |d 1947- 
245 1 0 |a Learner-centered teaching :  |b five key changes to practice /  |c Maryellen Weimer. 
250 |a Second edition. 
260 |a San Francisco, CA :  |b Jossey-Bass, A Wiley Imprint,  |c 2013. 
300 |a xiv, 287 pages ;  |c 23 cm 
504 |a Includes bibliographical references and index. 
520 |a "In this new edition of the classic work, one of the nation's most highly regarded authorities on effective college teaching offers a comprehensive introduction to the topic of learner-centered teaching in the college and university classroom, including the most up-to-date examples of practice in action from a variety of disciplines, an entirely new chapter on the research support for learner-centered approaches, and a more in-depth discussion of how students' developmental issues impact the effectiveness of learner-centered teaching. Learner-Centered Teaching shows how to tie teaching and curriculum to the process and objectives of learning rather than to the content delivery alone"-- 
526 |a LTIC  |x Professor Md. Golam Samdani Fakir, PhD Director Learning and Teaching Innovation Center (LTIC) BRAC University 
541 |a Book Finder Intentional  |e 45003 
650 0 |a College teaching. 
650 0 |a Learning, Psychology of. 
650 7 |a EDUCATION / Higher. 
852 |a Ayesha Abed Library  |c General Stacks 
942 |2 ddc  |c BK 
999 |c 47567  |d 47567 
952 |0 0  |1 0  |2 ddc  |4 0  |6 378_120000000000000_WEI  |7 0  |9 78408  |a BRACUL  |b BRACUL  |c NEW  |d 2025-10-27  |e Book Finder International   |g 4545.00  |l 0  |o 378.12 WEI  |p 3010045003  |r 2025-10-27  |t 1  |v 9090.00  |w 2025-10-27  |y BK  |x  Requisitioned by Professor Md. Golam Samdani Fakir, PhD (Director, Learning and Teaching Innovation Center (LTIC), BRAC University) for the course named - "Enriching LTIC for curriculum development, assessment, ethics, faculty leadership, and global education, etc."